000 00264nam a22001217a 4500
008 170614b xxu||||| |||| 00| 0 eng d
041 _aeng
080 _24 ED
_a94
100 _a19
101 _aSHH
245 _aTHE FEDERAL UNION
_cHICKS.J.D
942 _2udc
_cBK
999 _c17379
_d17379